| 000 | 00689nam a2200181 i 4500 | ||
|---|---|---|---|
| 001 | 150350 | ||
| 003 | ES-MaACL | ||
| 005 | 20230906203456.0 | ||
| 007 | t| | ||
| 008 | 071030s1949 sp ||||1| spa d | ||
| 110 | 1 |
_aEspaña. _bDirección General de Marruecos y Colonias. _93752 |
|
| 245 | 1 | 0 |
_aBiblioteca : _bcatálogo de materias / _cpor Mª Asunción del Val. |
| 260 |
_aMadrid : _bDirección General de Marruecos y Colonias, _c1949 ( _fImp. Sucs. de Rivadeneyra) |
||
| 300 |
_aXI, 380 p. ; _c25 cm. |
||
| 610 | 1 | 4 |
_aEspaña. _bDirección General de Marruecos y Colonias. Biblioteca- _vCatálogos. _9169753 |
| 700 | 1 |
_aVal, María Asunción del. _9112428 |
|
| 852 |
_aES-MaACL _jD-7192 |
||
| 999 |
_c150350 _d150350 |
||